000 00222nam a2200097Ia 4500
008 170619s9999 xx 000 0 und d
100 _aQuinn Michael J
245 0 _aParallel Computing
260 _bNew Delhi: TMH
260 _c2004
546 _aENGLISH
999 _c17113
_d17113